Ekonomický vývoj Slovenska v roku 1996

Z obsahu: V slovenskej ekonomike sa minulý rok začali prejavovať následky ústupu od dôslednej reformy. Vlaňajší ekonomický vývoj charakterizuje najmä prepad obchodnej bilancie. Bez zmeny hospodárskej politiky nemožno očakávať zlepšenie ekonomických ukazovateľov. Zahraničné inštitúcie oceňujú ekonomi...

Descrizione completa

Salvato in:
Dettagli Bibliografici
Autore principale: Mikloš, I.
Altri autori: Žitňanský, Eduard
Natura: Capitolo di libro
Lingua:slovacco
Soggetti:
Tags: Aggiungi Tag
Nessun Tag, puoi essere il primo ad aggiungerne!!

MARC

LEADER 00000naa a2200000 4500
001 r026865
005 20230921081122.9
041 0 |a slo 
044 |a SK 
245 1 0 |a Ekonomický vývoj Slovenska v roku 1996  |c I. Mikloš, Eduard Žitňanský 
520 |a Z obsahu: V slovenskej ekonomike sa minulý rok začali prejavovať následky ústupu od dôslednej reformy. Vlaňajší ekonomický vývoj charakterizuje najmä prepad obchodnej bilancie. Bez zmeny hospodárskej politiky nemožno očakávať zlepšenie ekonomických ukazovateľov. Zahraničné inštitúcie oceňujú ekonomické výsledky Slovenska, ale varujú pred negatívnymi javmi. Až na vybrané skupiny to podnikatelia majú čoraz ťažšie. 
610 2 0 |a vývoj hospodársky 
610 2 0 |a bilancia obchodná 
610 2 0 |a politika hospodárska 
610 2 0 |a ukazovatele ekonomické 
610 2 0 |a produkt domáci hrubý 
610 2 0 |a inflácia 
610 2 0 |a podnikanie 
610 2 0 |a podnikatelia 
610 2 0 |a Slovensko 
610 2 0 |a 1996 
100 1 |a Mikloš, I. 
700 1 |a Žitňanský, Eduard